00617nam a2200205Ia 4500008004100000020001800041050001400059100001900073245003200092245005300124260001500177260002100192260000900213300001400222300002500236300001000261440001800271999001900289952010300308180207s9999 xx 000 0 und d a978068984185x bL772 2001 aLissy, Jessica aBlue's thanksgiving feast / cby Jessica Lissy ; illustrated by David Cutting. aNew York : bSimon Spotlight, c2001 aunpaged : bcolor illustration ; c20cm. aBlue's clues. c355575d355575 001040aSSISMbSSISMd2018-02-07l0oER L772 2001pSSISM5120r2018-02-07 00:00:00w2018-02-07yBK